000 00454nam a2200145Ia 4500
999 _c15315
_d15315
003 OSt
082 _a332
_bSAM/MI
100 _aSampati Guha
245 _aMicrofinance for micro enterprises: an impact evaluation of slf help groups
260 _aMumbai
_bNational Bank for Agriculture and Rural Development
_c2010
546 _aEnglish
650 _aNational Bank for Agriculture and Rural Development
650 _aOccasional Paper-55
942 _2ddc
_cBK